ბათუმის შოთა რუსთაველის სახელმწიფო უნივერსიტეტის ბიბლიოთეკა

Атлас лучевой анатомии человека (ბიბ.ჩანაწერი № 45391)

000 -LEADER
fixed length control field 00650nam a2200217Ia 4500
001 - CONTROL NUMBER
control field 12215
003 - CONTROL NUMBER IDENTIFIER
control field GE_BSU
008 - FIXED-LENGTH DATA ELEMENTS--GENERAL INFORMATION
fixed length control field 181216s||||||||xx |||||||||||||| ||und||
020 ## - INTERNATIONAL STANDARD BOOK NUMBER
International Standard Book Number 9785970413616
040 ## - CATALOGING SOURCE
Transcribing agency GE_BSU
080 ## - UNIVERSAL DECIMAL CLASSIFICATION NUMBER
Universal Decimal Classification number 611(084.121):616-373.75
100 ## - MAIN ENTRY--PERSONAL NAME
Personal name Филимонов,Ф.И.;Шилкин,В.В.;Степанков,А.А.
245 ## - TITLE STATEMENT
Title Атлас лучевой анатомии человека
260 ## - PUBLICATION, DISTRIBUTION, ETC.
Place of publication, distribution, etc. Москва
260 ## - PUBLICATION, DISTRIBUTION, ETC.
Name of publisher, distributor, etc. Геотар-Медиа
260 ## - PUBLICATION, DISTRIBUTION, ETC.
Date of publication, distribution, etc. 2010
300 ## - PHYSICAL DESCRIPTION
Extent 452стр.Илл.30см.
653 ## - INDEX TERM--UNCONTROLLED
Uncontrolled term Атлас лучевой анатомии человека
942 ## - ADDED ENTRY ELEMENTS (KOHA)
Koha item type წიგნი
ეგზემპლარები
Withdrawn status Lost status Damaged status Not for loan Date acquired Barcode Date last seen Price effective from Koha item type
        2018-12-17 36124 2018-12-17 2018-12-17 წიგნი